Plan Comptable CCA - Statistiques

Statistiques générales
  • Ce quiz a été pris 94 fois
  • Le résultat moyen est 18 sur 58
Statistiques - réponses
(numéro de compte) Réponse % Correct
69 Participation des salariés, impôts sur les bénéfices et assimilés
88%
10 Capital et réserves
75%
51 Banques et établissements financiers
65%
41 Clients et comptes rattachés
65%
40 Fournisseurs et comptes rattachés
62%
31 Matières premières et fournitures
57%
35 Stocks de produits
55%
60 Achats, variations de stocks
54%
28 Amortissements des immobilisations
54%
37 Stocks de marchandises
52%
29 Dépréciations des immobilisations
51%
70 Ventes de produits, prestations de services, marchandises
51%
63 Impôts, taxes et versements assimilés
45%
21 Immobilisations corporelles
42%
11 Report à nouveau
42%
53 Caisse
40%
20 Immobilisations incorporelles et frais d’établissement
40%
12 Résultat de l’exercice
38%
16 Emprunts et dettes assimilées
35%
64 Charges de personnel
34%
15 Provisions
34%
14 Provisions réglementées
34%
44 État et autres collectivités publiques
32%
49 Dépréciations des comptes de tiers
31%
39 Dépréciations des stocks et en-cours
31%
34 En-cours de production de services
31%
42 Personnel et comptes rattachés
31%
76 Produits financiers
31%
74 Subventions d’exploitation
31%
13 Subventions d’investissement
31%
66 Charges financières
29%
59 Dépréciations des comptes financiers
26%
33 En-cours de production de biens
26%
45 Groupe et associés
26%
43 Sécurité sociale et autres organismes sociaux
26%
68 Dotations aux amortissements, dépréciations et provisions
25%
77 Produits exceptionnels
25%
67 Charges exceptionnelles
23%
27 Autres immobilisations financières
22%
78 Reprises sur amortissements, dépréciations et provisions
22%
50 Valeurs mobilières de placement
22%
23 Immobilisations en cours
20%
58 Virements internes
20%
47 Comptes transitoires ou d’attente
18%
61 Services extérieurs
17%
46 Débiteurs et créditeurs divers
14%
62 Autres services extérieurs
12%
65 Autres charges de gestion courante
11%
17 Dettes rattachées à des participations
11%
75 Autres produits de gestion courante
9%
32 Autres approvisionnements
8%
22 Immobilisations mises en concession
8%
72 Production immobilisée
8%
18 Comptes de liaison
5%
71 Production stockée (ou déstockage)
5%
52 Instruments financiers à terme et jetons détenus
3%
26 Participations et créances rattachées
2%
48 Comptes de répartition périodique
0%
Aucun quiz correspondant
Distribution des résultats
% des personnes avec chaque résultat
Percentile par nombre de réponses
Votre historique - résultats
Vous n’avez pas pris ce quiz